LEADER 00777nam a2200229 i 4500 001 991000863539707536 005 20020507102453.0 008 970307s1969 us ||| | eng 035 $ab10140219-39ule_inst 035 $aLE00638171$9ExL 040 $aDip.to Fisica$bita 084 $a621.3.8 100 1 $aFlores, Ivan$025370 245 10$aComputer organization /$cIvan Flores 260 $aEnglewood Cliffs :$bPrentice-Hall,$c1969 300 $a371 p. ;$c23 cm. 907 $a.b10140219$b21-09-06$c27-06-02 912 $a991000863539707536 945 $aLE006 621.3.8 FLO$g1$i2006000007672$lle006$o-$pE0.00$q-$rl$s- $t0$u0$v0$w0$x0$y.i10166464$z27-06-02 996 $aComputer organization$9186664 997 $aUNISALENTO 998 $ale006$b01-01-97$cm$da $e-$feng$gus $h0$i1 LEADER 02423 am 2200685 n 450 001 9910306635703321 005 20180927 010 $a979-1-03-651621-4 024 7 $a10.4000/books.etnograficapress.2723 035 $a(CKB)4100000007522775 035 $a(FrMaCLE)OB-etnograficapress-2723 035 $a(oapen)https://directory.doabooks.org/handle/20.500.12854/47720 035 $a(PPN)234055669 035 $a(EXLCZ)994100000007522775 100 $a20190121j|||||||| ||| 0 101 0 $apor 135 $auu||||||m|||| 181 $ctxt$2rdacontent 182 $cc$2rdamedia 183 $acr$2rdacarrier 200 10$aFixar o movimento $eRepresentações da música rap em Portugal /$fTeresa Fradique 210 $aLisboa $cEtnográfica Press$d2018 215 $a1 online resource (225 p.) 311 $a972-20-2291-1 330 $a0 rap partilha com outras práticas juvenis a itinerância, a intensidade e a criatividade. Os rappers circulam no espago urbano, fixando e representando o «movimento» hip hop que inclui outras formas de expressão como o graffiti e o break dance. Fixar o Movimento explora a forma como, na segunda metade dos anos 90, este estilo musical entrou na esfera pública em Portugal suscitando interesses e representacóes variadas, numa sociedade em transformação preocupada em gerir a sua identidade multicultural. 606 $aUrban Studies 606 $aculture populaire 606 $aespace urbain 606 $arap 606 $ahip-hop 606 $areprésentation 606 $amulticulturalisme 606 $acultura popular 606 $aespaço urbano 606 $amulticulturalismo 606 $arepresentação 610 $arap 610 $aespace urbain 610 $aculture populaire 610 $amulticulturalisme 610 $areprésentation 610 $ahip-hop 615 4$aUrban Studies 615 4$aculture populaire 615 4$aespace urbain 615 4$arap 615 4$ahip-hop 615 4$areprésentation 615 4$amulticulturalisme 615 4$acultura popular 615 4$aespaço urbano 615 4$amulticulturalismo 615 4$arepresentação 700 $aFradique$b Teresa$01301127 701 $aVelho$b Gilberto$01290222 801 0$bFR-FrMaCLE 906 $aBOOK 912 $a9910306635703321 996 $aFixar o movimento$93029288 997 $aUNINA